[Event "Oregon Class Championships"]
[Site "Portland, OR"]
[Date "2023.11.05"]
[Round "5"]
[White "Zoey Tang"]
[Black "Stephen Willy"]
[Result "1/2-1/2"]
[WhiteElo "2329"]
[BlackElo "2214"]
[Annotator "Stephen Willy"]
[PlyCount "102"]
[EventDate "2023.11.04"]
[EventType "swiss"]
[EventCountry "USA"]
[WhiteTeam "US"]
[BlackTeam "US"]

1. d4 d5 2. c4 e6 3. Nc3 c5 {Well I was hoping for a game that wasn't me getting outplayed very boringly} 4. cxd5 cxd4 {She started taking time here so I thought I had some hope of her messing up the theory} 5. Qa4+ Bd7 6. Qxd4 exd5 7. Qxd5 Nf6 8. Qd1 Bc5 9. e3 {Oh well she didn't mess up theory but this is still a decent position for black} O-O 10. Nf3 Nc6 11. a3 $6 Qc7 {This is often the square you use for the queen in these positions as it clears the way for the rooks to be on d8 and e8 and then a future Ne5 etc it also helps that b4 is tactically prevented by Nxb4} 12. Be2 (12. b4 Nxb4) 12... Rad8 13. Qc2 $6 Ne5 {And Ne5 happens} 14. O-O Bd6 {This was where I started my first think in the game I had considered Nfg4 and Bc6 as well and I feel like Bc6 was a good move here} (14... Bc6 15. Qf5 {For some reason during the game I didn't like this move but after Rfe8 I just have a bunch of development} (15. Nd4 {Stockfish starts suggesting some interesting lines} Nfg4 16. g3 Bxd4 (16... Rxd4 {The computer also thinks becoming gothamchess for a moment isn't a bad idea either}) 17. exd4 (17. Nb5 Bxb5 18. Qxc7 Bxe2 19. exd4 Nf3+ 20. Kg2 Nxd4 21. h4 Rc8 22. Qf4 Rc4 23. Qd6 {This is the end of a very forcing computer line starting with Nb5}) 17... Nf3+ 18. Bxf3 Bxf3) (15. Rd1 {This is the much more calm variation where black has equalized}) 15... Rfe8) (14... Nfg4 15. Ng5 {Somehow I missed this during the game but it gets a bit interesting} (15. Nxe5 {I was calculating this during the game} Qxe5 16. Bxg4 Bxg4 17. Qe4 (17. e4 {Strange move but only way for white to get a slight edge}) 17... Qxe4 18. Nxe4 {I wasn't sure if the compensation here was good or not}) 15... Nd3 16. g3 Bf5 17. Nce4 Nge5 18. Nxc5 Qxc5 19. Qxc5 Nxc5 20. b4 Nb3 21. Ra2 Nd3 {Some long computer variation that feels pleasant for black}) 15. Nxe5 $6 Bxe5 16. f4 {During the game even though I saw this I was quite frustrated with the endgame we got despite it being fine only white has winning chances and I have to play accurately} Bxc3 17. Qxc3 Qxc3 18. bxc3 Rfe8 {Going for some Nd5 ideas} 19. Bf3 (19. c4 {Probably analyzed this during the game but I don't remember what I thought. While analyzing this game it feels like my compensation despite existing according to the engine is rather unclear (stockfish thinks I have a variety of options here that are good)}) 19... Bb5 {Stockfish likes Bc6 but I wanted to stop c4 although I do have to consider the b7 pawn I guess} (19... Bc6 {And again stockfish has a variety of ideas but I guess it wants to fight against the light squared bishop}) 20. Re1 Nd5 {Threatening both Nxf4 and Nxc3 if white tries to give up the bishop pair with Bxd5 I should be perfectly fine as white has a bunch of bad pawns as well as opposite colored bishops} 21. Rb1 {During the game I realized Zoey had e4 ideas to get rid of the bad e3 pawn and that might give her a small advantage and instead of Rb1 indeed e4 is the best move} (21. Bxd5 Rxd5) (21. e4 Nxc3 22. e5 {I am still fine though}) 21... Nxc3 22. Rb2 {Stockfish again really likes Bc6 for me but my mind was rejecting that which didn't end up well} (22. Rb3 {My guess is she thought she had this but Rd3 is problematic} Rd3) 22... a6 23. Bxb7 f5 $2 {Initially my idea was Nd5 and try and force the light squared bishop to trade (like I said before if opposite colored bishops are left I should be fine) however Nd5 fails to Rd2 $1 and for some reason I missed Ne4 here with the same idea and it actually works (I realized I had Ne4 just a move or two later and was frustrated with myself for missing it)} (23... Ne4 $1 24. Rc2 $1 Re7 25. Rc8 $1 Rxc8 26. Bxc8 Rc7 27. Bf5 Bd3) 24. Bf3 Rd3 25. Rd2 $6 Red8 (25... Rdxe3 26. Rxe3 Rxe3 27. Rd8+ Re8 28. Rxe8+ Bxe8 {This endgame did not look enjoyable also knowing myself its the type of endgame I would play for another 5 hours and still manage to lose}) 26. Rxd3 Rxd3 27. Bb2 Ne4 $4 {Clearly I am trying to let her win for no reason during the game I realized Bd4 is quite annoying and it indeed gives white a strong advantage of about 1.6 for white, the bishop on d4 with Rc1 Rc7 is quite annoying and I have a light squared bishop that couldn't help with the defense no matter how hard it tries because it's hopes and dreams cant change it into a dark squared bishop so because of that I will proceed to be giving the rook a free meal of 2 pawns and then get destroyed by the 2 kingside pawns white has which will promote} 28. Be2 {Of course I will clearly take on e3 and lose the game. All jokes aside I was very confused when she didn't play Bd4 in fact now this allows me to force trades which are good for me} Rb3 29. Bxb5 axb5 30. Bd4 h5 {This move will help in some lines where if the white rook tries to go to c7 and she attemps to play h3 while her rook is on c1 she can't go Rc7 as I have h4 with putting the knight on g3 and then mate ideas stop her from getting her rook active} 31. h4 {Apparently she doesn't want to get mated $2 oh well might as well take on a3 now there should be enough counterplay to make Rc1 Rc7 ideas not so powerful} Rxa3 32. Rb1 (32. Rc1 Kf7 33. Rc7+ Ke6 34. Rxg7 Rd3 {And Rd1 with Nf2 is indeed enough compensation} 35. Rh7 Rd1+ 36. Kh2 Nf2 {And then with normal moves the position is equal but watch out about taking h5 $1} 37. Rxh5 Rh1+ 38. Kg3 Ne4+ 39. Kf3 Rf1+ 40. Ke2 Ng3+ 41. Kd3 Nxh5) 32... Nd6 33. Bc5 Rd3 34. Bxd6 (34. Ra1 {Yeah this doesn't work either I have a pretty decent position}) 34... Rxd6 35. Rxb5 {And now the position is dead drawn I have no clue why she continued even after I proved I am not letting her get the e4 break in} g6 36. Kf2 Kf7 37. g3 Rd2+ 38. Kf3 Rd3 39. Rb7+ Ke6 40. Rb6+ Kf7 41. Ke2 Ra3 42. Rd6 Ra1 43. Rd4 Ra3 44. Rd3 {Trading rooks is a draw but I couldn't calculate all that with both of us having low time (she had like 5 minutes ish and I had about 1.5 minutes} Ra2+ 45. Kf3 Ra4 46. Rd4 Ra3 47. Rb4 Rc3 48. Kf2 Rc2+ 49. Kf1 Rc3 50. Kf2 Rc2+ 51. Kf3 Rc3 {And after what felt like the 10 millionth draw offer by me in the rook endgame she finally accepted (I did not want to sit there playing for another hour in a dead drawn endgame when there was a 3 hour drive home)} 1/2-1/2

[Event "2023 Washington Challenger's Cup"]
[Site "Seattle, WA"]
[Date "2023.10.28"]
[Round "4"]
[White "FM Ryan Porter"]
[Black "Stephen Willy"]
[Result "1-0"]
[WhiteElo "2252"]
[BlackElo "2202"]
[Annotator "Ralph Dubisch"]
[PlyCount "127"]
[EventDate "2023.10.28"]
[EventType "swiss"]
[EventCountry "USA"]

{[%evp 0,127,19,-18,-25,-23,-26,-22,28,12,70,-7,9,1,49,20,41,14,58,48,48,35,43,64,78,92,65,65,95,107,107,27,27,-55,-52,-52,-27,-45,-7,-12,-9,-7,9,12,53,48,32,44,55,48,62,47,127,123,142,147,148,0,67,78,74,74,84,105,133,153,183,118,157,128,150,168,109,98,113,107,107,99,91,92,139,132,146,147,147,133,170,169,180,122,223,189,197,140,151,184,184,180,235,74,146,63,43,35,38,2,41,30,44,41,42,41,44,44,44,43,41,45,46,44,53,52,52,72,72,69,69,547,29989,29990]} 1. c4 e5 2. Nc3 Nf6 3. Nf3 e4 4. Ng5 c6 ({Forty years ago theory went something like} 4... b5 $1 5. d3 $1 (5. Nxb5 c6 6. Nc3 d5 $13) 5... exd3 (5... bxc4 6. dxe4 {, if memory serves.}) 6. cxb5 h6 7. Nf3 $14 {, though there are many other branches.}) 5. Qa4 ({This is all new for me, but I'd be tempted to play} 5. Ngxe4 {and claim I'd just picked up a center pawn. After} Nxe4 6. Nxe4 d5 7. cxd5 cxd5 8. Ng3 {Black probably has some compensation with the modern idea} h5 {, when the g3-knight is still uncomfortable.}) 5... Qe7 6. Qc2 b5 ({The white queen went to a4, pinning the c-pawn in case of ...d5. The return to c2 is now justified because the c8-bishop is no longer defended:} 6... d5 7. cxd5 cxd5 $4 8. Nxd5 {and Black collapses. Black could probably drum up some compensation with 7...Bf5 in this line instead.}) 7. cxb5 (7. Ngxe4 Nxe4 8. Nxe4 bxc4 $13) 7... d5 8. e3 c5 ({I'm not sure how far the home preparation goes here, but clearly Black had other reasonable choices:} 8... a6 $5) (8... Qb7) ({and} 8... h6 {, among others.}) 9. d3 h6 10. Nh3 Bb7 ({Completely different types of positions arise from} 10... exd3 11. Bxd3 c4 (11... Bxh3 12. gxh3 Nbd7) 12. Be2 Bxh3 13. gxh3 Nbd7 {.}) 11. dxe4 d4 $6 ({As a consequence of 10...Bb7, Black's best may be} 11... dxe4 {, though after some natural moves such as} 12. Be2 Nbd7 13. O-O g5 14. a4 $14 {White keeps the extra pawn and has little to fear on the kingside.}) 12. Nd5 $1 Nxd5 13. exd5 Bxd5 $6 ({Lets the knight rejoin the action with tempo.} 13... Nd7 $14) 14. Nf4 Bb7 15. Qe2 $6 (15. Bc4 $16) 15... Nd7 16. exd4 cxd4 17. Nd3 Qxe2+ 18. Kxe2 (18. Bxe2 Bxg2 19. Rg1 Be4 $13) 18... Bd6 ({Now Black comes under serious pressure for most of the rest of the game. It seems better to avoid exchanges and try to take advantage of the exposed white king.} 18... Be7 19. Bf4 Rc8 $13) 19. Bf4 Bxf4 20. Nxf4 O-O-O $5 (20... g5 21. Nd3 Ke7 $14) 21. f3 g5 22. Nd3 g4 23. fxg4 (23. Kf2 $5) 23... Nf6 24. Nc5 Rhe8+ $6 (24... Nxg4 $14) 25. Kd2 Re5 26. Rc1 Kb8 27. Bd3 Bxg2 28. Rhe1 (28. Rhg1) 28... Nxg4 29. Na6+ Ka8 30. Rg1 Ne3 31. Rc7 f5 $6 (31... Bd5) 32. Nb4 $6 ({Stronger options:} 32. Rf7 $1 Rc8 (32... Bd5 33. Nc7+ Kb8 34. Nxd5 Nxd5 35. Rgg7 $18) 33. Rc1 $1 Bb7 (33... Rxc1 $4 34. Rf8+ Kb7 35. Rb8#) 34. Rxc8+ Bxc8 35. Rf8 Kb7 {and the quiet move} 36. Be2 {seals things.}) ({Also} 32. Rg7 $1 {intending} Bb7 33. Rg8 {looks winning.}) 32... Nd5 33. Rxa7+ (33. Rc5 $5) 33... Kxa7 34. Nc6+ Kb6 35. Nxe5 (35. Nxd8 $2 Nf4 $13) 35... Nf4 36. Bxf5 (36. a4 Re8 37. Re1 $16) 36... Rd5 37. Re1 Rxb5 38. Nc4+ Kc5 39. b3 Bd5 40. Rf1 Bxc4 (40... Ng2 $5) 41. bxc4 (41. Rxf4 $1 Bg8 42. Be4 $16 {with the idea} Ra5 $4 43. Rf5+ {and wins the bishop ending.}) 41... Rb2+ 42. Kc1 (42. Bc2 $2 Ng2 {creates challenging complications.}) 42... Rxh2 43. Rxf4 Kxc4 44. Rf3 Kb4 (44... h5) 45. a3+ Kc5 46. Bc2 h5 47. Kb2 Kc4 48. a4 Rg2 49. a5 $4 (49. Rb3 {retains the a-pawn, and looks like a theoretical win.}) 49... Kb5 50. Kb3 (50. Rf5+ Kb4 51. Kc1 Rg3 52. a6 Ra3 {and while White can certainly continue, it isn't clear how to manufacture progress from here.} 53. Rf6 h4 54. Be4 h3 {-- Now what?}) 50... Kxa5 51. Rf5+ Kb6 52. Rxh5 Rd2 53. Be4 Kc7 54. Kc4 Kd6 55. Bd3 Ke6 56. Kxd4 Kf6 57. Rh6+ Kg7 58. Rd6 Rf2 59. Ke5 Kg8 60. Rd7 Kh8 $4 {Black seems to have headed straight for the dark-square corner. There is no such simple drawing rule in R+B vs R endings, and this is the losing blunder.} ({Still drawing, theoretically, are} 60... Rb2) ({and} 60... Kf8 {, likely with ...Rb2 to follow. This ending is worth studying. White can (and should) continue to put pressure on the defense, and even Grandmasters are capable of losing this. There are two reliable drawing methods, the Cochrane and the second rank defense, and it's good to know both.Perhaps I'll do a Coaching Corner on this ending. Like winning with queen versus rook, study of this pays dividends.}) 61. Bf5 $1 Rg2 62. Rh7+ $1 Kg8 63. Kf6 $1 Rf2 ({In case you thought the win was now trivial, here is the most tenacious defense:} 63... Kf8 $1 64. Ra7 Re2 65. Rb7 Re1 66. Rh7 Rg1 67. Bh3 $1 {Aha! No check on f1.} Rg3 68. Be6 $1 Rf3+ 69. Bf5 $1 Rg3 70. Rf7+ $1 Kg8 (70... Ke8 71. Rc7 {Note that d3 is controlled by the bishop.}) 71. Rd7 Kh8 72. Rd4 $1 (72. Rd2 Rg2 $1 {delays things a bit.}) 72... Rg1 (72... Rg7 73. Bg6 ({or} 73. Rh4+ Kg8 74. Be6+) 73... Rg8 74. Rh4#) 73. Rh4+ Kg8 74. Be6+ Kf8 75. Rh8+ Rg8 76. Rxg8#) 64. Rd7 1-0

[Event "2023 Washington Challenger's Cup"]
[Site "Seattle, WA"]
[Date "2023.10.29"]
[Round "4"]
[White "Siddharth Bhaskarin"]
[Black "LM Viktors Pupols"]
[Result "0-1"]
[WhiteElo "1742"]
[BlackElo "2200"]
[Annotator "Ralph Dubisch"]
[PlyCount "96"]
[EventDate "2023.10.28"]
[EventType "swiss"]
[EventCountry "USA"]

1. d4 e6 2. e4 d5 3. e5 f5 ({Very unusual, at least this early in the game.} 3... c5 {is a nearly universal choice against the Advance French.}) 4. Nf3 c5 5. Bb5+ (5. c3 {supports the pawn chain.}) 5... Nc6 ({For some reason Black isn't tempted to offer the exchange of his bad bishop with} 5... Bd7 {.}) 6. Bxc6+ $6 bxc6 7. O-O Nh6 $6 ({Viktors chooses to be provocative.} 7... cxd4 {is perfectly fine for Black.}) 8. Bxh6 gxh6 9. dxc5 Bxc5 10. Nd4 O-O 11. c3 Qb6 12. b3 $6 (12. b4 Be7 (12... Bxd4 13. Qxd4 Qxd4 14. cxd4 a5 $13) 13. Nd2 a5 14. a3 c5 15. bxc5 Bxc5 16. N2f3 $13 {Stockfish evaluates this as about a half pawn in favor of White, but it's a little hard to see how White gets at the weak h-pawns. Meanwhile, Black has the bishop pair and play on the g-file.}) 12... Rf7 13. Re1 Bf8 14. Nd2 c5 15. N4f3 ({Knights can become passive when they guard each other.} 15. Ne2 {eyes f4 and reserves f3 for the other horse.}) 15... Rg7 16. Nf1 Bd7 (16... d4 $1 {is an interesting gambit offer, certainly too dangerous to accept.} 17. Ng3 (17. cxd4 cxd4 18. Qxd4 $2 (18. Nxd4 $4 Rd7) 18... Bc5 19. Qb2 Bb7 20. Qe2 Kh8 21. Ng3 Rag8 $17) 17... Bb7 {Black is well-coordinated.}) 17. Ng3 Be8 $6 {Missing the tactic.} 18. Nxf5 $1 Rg6 $2 (18... Rd7 19. Ng3 $14) 19. Ng3 $2 ({Opportunity missed:} 19. N3h4 Rg5 20. f4 Bh5 (20... Rh5 21. Qg4+ Kh8 22. Ng3) 21. Qd2 Rxf5 (21... Rg4 22. h3) 22. Nxf5 $16) 19... Be7 20. Qd2 Bf7 (20... Bc6) 21. Qf4 $6 Rf8 22. Nh5 $4 (22. Qd2 $13) 22... Rxg2+ $1 23. Kxg2 Bxh5 24. Qxh6 (24. Qg3+ Kh8 25. Re3 Rg8 $19) 24... Bxf3+ 25. Kh3 Rf7 26. Rg1+ Kh8 27. Rg3 Be4 $6 (27... Qd8 $1 28. Rag1 Be4) 28. Rag1 $6 (28. Qh5 Bf5+ 29. Kg2 Rf8 $17) 28... Bf5+ (28... Qd8 29. f3 Bf5+ 30. Kg2 Bh4) 29. Kg2 Qd8 30. Kf1 Qf8 31. Rg8+ $6 ({White's queen is not hanging, so there's no rush on this decision.} 31. Ke1 $5 Qb8 32. Kd1 c4 33. Qh5 Qf8 34. bxc4 dxc4 $15 {is a bit murky.}) 31... Qxg8 32. Rxg8+ Kxg8 {We reach a very unusual material imbalance. This sort of thing is very much in Viktors' wheelhouse.} 33. b4 $6 cxb4 34. cxb4 Bxb4 35. Qg5+ Kh8 36. Qd8+ Bf8 37. h4 h6 38. Ke2 Kg7 39. Qa5 Bg4+ 40. Ke3 Be7 41. Qa4 h5 42. f4 Bxh4 43. Qe8 Be7 44. Qb5 Bd8 45. Qb4 Bh4 46. Qb1 Bg3 47. a4 (47. Qg1 Bxf4+ 48. Kd4 Bg5 $19) 47... Rxf4 48. a5 (48. Qb7+ Rf7 49. Qb8 (49. Qb4 Bxe5 $19) (49. Qb2 Rf3+ 50. Kd4 Bf2+) 49... h4 50. Qd8 Bf4+ 51. Kd4 Bf5 52. Qxh4 Rc7 {, among other methods of execution.}) 48... d4+ {Black will win the queen.} 0-1